[Event "Muensterland Regionalliga playoff Gr1"]
[Site "Germany"]
[Date "2022.04.30"]
[Round "3.3"]
[White "Rebber, Christian"]
[Black "Farwick, Christian"]
[Result "0-1"]
[WhiteElo "1866"]
[BlackElo "1889"]
[PlyCount "80"]
[EventDate "2022.03.19"]
[EventType "team-tourn"]
[EventRounds "5"]
[EventCountry "GER"]
[SourceTitle "EXT 2023"]
[Source "ChessBase"]
[SourceDate "2022.10.05"]
[SourceVersion "1"]
[SourceVersionDate "2022.10.05"]
[SourceQuality "1"]
[WhiteTeam "Duelmen"]
[BlackTeam "Borken"]
[WhiteTeamCountry "GER"]
[BlackTeamCountry "GER"]

1. b4 c6 2. Bb2 d5 3. e3 Nf6 4. a4 Bf5 5. Nf3 e6 6. b5 Be7 7. Be2 0-0 8. 0-0 c5 9. c4 Nbd7 10. a5 dxc4 11. Bxc4 Qc7 12. Nc3 Ne4 13. Nxe4 Bxe4 14. d3 Bg6 15. Qb3 Bf6 16. Rfc1 Ne5 17. Nxe5 Bxe5 18. g3 Bxb2 19. Qxb2 Qd6 20. e4 Rfd8 21. Qe2 f6 22. Qa2 Bf7 23. Kg2 Rd7 24. Re1 Kf8 25. Re3 e5 26. Rae1 Rad8 27. Rc1 Bxc4 28. dxc4 Qc7 29. Rb1 Rd2 30. Qa3 R8d4 31. Rc1 Qd6 32. Qb3 h5 33. Rc2 Ke7 34. Qa4 g5 35. Qb3 g4 36. Re2 Rxc2 37. Qxc2 Qe6 38. Qc1 Qxc4 39. Rc2 Qd3 40. Rxc5 Qf3+ 0-1

[Event "DSOL 03 Liga Gr-D 1st"]
[Site "Playchess.com INT"]
[Date "2020.07.16"]
[Round "4.3"]
[White "Farwick, Christian"]
[Black "Powalla, Christian"]
[Result "0-1"]
[WhiteElo "1861"]
[BlackElo "1815"]
[PlyCount "56"]
[EventDate "2020.06.22"]
[EventType "team-tourn (rapid)"]
[EventCountry "GER"]
[SourceTitle "EXT 2021"]
[Source "ChessBase"]
[SourceDate "2020.10.23"]
[SourceVersion "1"]
[SourceVersionDate "2020.10.23"]
[SourceQuality "1"]
[WhiteTeam "Borken"]
[BlackTeam "Kassel Caissa"]
[WhiteTeamCountry "GER"]
[BlackTeamCountry "GER"]

1. d4 Nf6 2. Bf4 c5 3. dxc5 Nc6 4. Nc3 e5 5. Bg3 Bxc5 6. e3 0-0 7. Bb5 d6 8. Bh4 Bf5 9. Bd3 Bg6 10. Bxg6 fxg6 11. Nge2 Qd7 12. Na4 Bb4+ 13. c3 Ba5 14. b4 Bc7 15. 0-0 Qg4 16. Bg3 Rad8 17. h3 Qg5 18. Qb3+ Kh8 19. c4 Ne7 20. Rad1 Nf5 21. Nac3 Bb6 22. Nd5 Nxd5 23. Rxd5 Nxe3 24. fxe3 Bxe3+ 25. Bf2 Rxf2 26. Rxf2 Rf8 27. Rxd6 Rxf2 28. Rd8+ Rf8+ 0-1

[Event "DSOL 03 Liga Gr-D 1st"]
[Site "Playchess.com INT"]
[Date "2020.07.09"]
[Round "3.3"]
[White "Farwick, Christian"]
[Black "Fruehling, Karl Heinz"]
[Result "1-0"]
[WhiteElo "1861"]
[BlackElo "1901"]
[PlyCount "75"]
[EventDate "2020.06.22"]
[EventType "team-tourn (rapid)"]
[EventCountry "GER"]
[SourceTitle "EXT 2021"]
[Source "ChessBase"]
[SourceDate "2020.10.23"]
[SourceVersion "1"]
[SourceVersionDate "2020.10.23"]
[SourceQuality "1"]
[WhiteTeam "Borken"]
[BlackTeam "Bad Homburg"]
[WhiteTeamCountry "GER"]
[BlackTeamCountry "GER"]

1. d4 d6 2. Bf4 Nf6 3. e3 g6 4. c3 Bg7 5. Nd2 0-0 6. Ngf3 Bg4 7. Qc2 c5 8. Bd3 Nc6 9. h3 Bxf3 10. Nxf3 cxd4 11. exd4 Rc8 12. Qb3 b6 13. 0-0 e6 14. Rfe1 Nd5 15. Bh2 Na5 16. Qa3 Nc4 17. Bxc4 Rxc4 18. Bxd6 Re8 19. Be5 f6 20. Bh2 Qd7 21. Qb3 Rec8 22. a4 a6 23. Nd2 R4c6 24. a5 b5 25. Ne4 Bf8 26. Qxd5 Qxd5 27. Nxf6+ Kf7 28. Nxd5 exd5 29. Re5 b4 30. Rxd5 bxc3 31. bxc3 Rxc3 32. Be5 Rc2 33. Rd7+ Kg8 34. Rb1 Ra2 35. Rbb7 Rc1+ 36. Kh2 Rxf2 37. Rxh7 Rcc2 38. Rh8# 1-0

[Event "Muensterland Regionalliga 1920"]
[Site "Germany"]
[Date "2020.02.22"]
[Round "7.5"]
[White "Farwick, Christian"]
[Black "Peters, Helmut"]
[Result "1/2-1/2"]
[WhiteElo "1845"]
[BlackElo "1942"]
[PlyCount "136"]
[EventDate "2019.09.07"]
[EventType "team-tourn"]
[EventRounds "7"]
[EventCountry "GER"]
[SourceTitle "EXT 2023"]
[Source "ChessBase"]
[SourceDate "2022.10.05"]
[SourceVersion "1"]
[SourceVersionDate "2022.10.05"]
[SourceQuality "1"]
[WhiteTeam "Borken"]
[BlackTeam "Muenster SK IV"]
[WhiteTeamCountry "GER"]
[BlackTeamCountry "GER"]

1. d4 Nf6 2. Bf4 d5 3. e3 e6 4. Nd2 Bd6 5. c3 b6 6. Bd3 Bxf4 7. exf4 Qd6 8. Qf3 c5 9. Ne2 Nc6 10. a3 Bb7 11. 0-0 0-0 12. Qh3 a5 13. g4 Ba6 14. Bxa6 Rxa6 15. g5 Nd7 16. Qd3 Raa8 17. Nf3 c4 18. Qe3 b5 19. Ng3 Ne7 20. Rfe1 b4 21. axb4 axb4 22. Ne5 Nxe5 23. fxe5 Qb6 24. Nh5 bxc3 25. bxc3 Qb2 26. Rab1 Qc2 27. Rec1 Qg6 28. Ng3 Ra2 29. Kg2 Nf5 30. Nxf5 Qxf5 31. Kg3 Rfa8 32. h4 g6 33. Qf3 Rd2 34. Qxf5 gxf5 35. Rd1 Raa2 36. Rxd2 Rxd2 37. Rc1 Rd3+ 38. f3 Rd2 39. h5 Kg7 40. Ra1 Rd3 41. Rc1 h6 42. gxh6+ Kxh6 43. Kf4 Kxh5 44. Rc2 Kg6 45. Rg2+ Kh7 46. Rc2 Kg7 47. Rc1 Kf8 48. Rc2 Ke7 49. Rc1 Kd7 50. Rc2 Ke7 51. Rc1 f6 52. exf6+ Kxf6 53. Rc2 Ke7 54. Rc1 Kd6 55. Rc2 Kc6 56. Re2 Rxc3 57. Rxe6+ Kd7 58. Re5 Kd6 59. Rxf5 Rd3 60. Rf6+ Ke7 61. Rc6 Rxd4+ 62. Ke5 Rd3 63. f4 c3 64. f5 d4 65. f6+ Kf7 66. Rc7+ Kf8 67. Rc8+ Kf7 68. Rc7+ Kf8 1/2-1/2

[Event "Muensterland Verbandsliga 1819"]
[Site "Germany"]
[Date "2019.03.16"]
[Round "8.4"]
[White "Farwick, Christian"]
[Black "Rebber, Christian"]
[Result "1-0"]
[WhiteElo "1811"]
[BlackElo "1817"]
[PlyCount "49"]
[EventDate "2018.09.01"]
[EventType "team-tourn"]
[EventRounds "9"]
[EventCountry "GER"]
[SourceTitle "EXT 2020"]
[Source "ChessBase"]
[SourceDate "2019.10.17"]
[SourceVersion "1"]
[SourceVersionDate "2019.10.17"]
[SourceQuality "1"]
[WhiteTeam "Borken"]
[BlackTeam "Duelmen"]
[WhiteTeamCountry "GER"]
[BlackTeamCountry "GER"]

1. Nf3 Nf6 2. d4 d5 3. c3 b6 4. Bf4 Bb7 5. e3 e6 6. Bd3 Be7 7. Nbd2 Nbd7 8. h3 h6 9. Qe2 a5 10. Ne5 Nxe5 11. Bxe5 0-0 12. 0-0 Bd6 13. f4 Ne4 14. Bxe4 dxe4 15. Qg4 Bxe5 16. fxe5 Qg5 17. Rf4 f5 18. exf6 Rxf6 19. Qxg5 hxg5 20. Rg4 Rf5 21. Rf1 Raf8 22. Rxf5 exf5 23. Rxg5 f4 24. Kf2 Re8 25. Re5 1-0

[Event "Muensterland Verbandsliga 1819"]
[Site "Germany"]
[Date "2018.12.15"]
[Round "5.4"]
[White "Farwick, Christian"]
[Black "Schoepper, Oliver"]
[Result "1-0"]
[WhiteElo "1811"]
[BlackElo "1823"]
[PlyCount "79"]
[EventDate "2018.09.01"]
[EventType "team-tourn"]
[EventRounds "9"]
[EventCountry "GER"]
[SourceTitle "EXT 2020"]
[Source "ChessBase"]
[SourceDate "2019.10.17"]
[SourceVersion "1"]
[SourceVersionDate "2019.10.17"]
[SourceQuality "1"]
[WhiteTeam "Borken"]
[BlackTeam "Muenster IV"]
[WhiteTeamCountry "GER"]
[BlackTeamCountry "GER"]

1. Nf3 Nf6 2. d4 d5 3. Bf4 e6 4. e3 Nbd7 5. c3 c5 6. Nbd2 Be7 7. Bd3 b6 8. h3 Bb7 9. Ne5 Nxe5 10. dxe5 Nd7 11. Qg4 g6 12. h4 c4 13. Bc2 h5 14. Qg3 Nc5 15. 0-0-0 Qc7 16. Bxg6 fxg6 17. Qxg6+ Kd7 18. Nxc4 Rag8 19. Qc2 Bc6 20. e4 Kc8 21. Nd6+ Kb8 22. exd5 Bxd5 23. b4 Nb7 24. Nf7 Bxb4 25. Nxh8 Ba3+ 26. Kb1 Rxh8 27. Rh3 Qc4 28. Rd4 Qb5+ 29. Ka1 Qf1+ 30. Rd1 Qc4 31. Rd4 Qf1+ 32. Rd1 Qc4 33. Bc1 Bxc1 34. Rxc1 Bxg2 35. Rg3 Be4 36. Qb3 Qc6 37. Qb4 Nc5 38. Rd1 Rf8 39. Rg7 Rc8 40. Rd6 1-0

[Event "Muensterland Verbandsliga 1718"]
[Site "Germany"]
[Date "2018.04.14"]
[Round "8.5"]
[White "Herdering, Martin"]
[Black "Farwick, Christian"]
[Result "1/2-1/2"]
[WhiteElo "1806"]
[BlackElo "1844"]
[PlyCount "47"]
[EventDate "2017.09.09"]
[EventType "team-tourn"]
[EventRounds "9"]
[EventCountry "GER"]
[SourceTitle "EXT 2019"]
[Source "ChessBase"]
[SourceDate "2018.10.10"]
[SourceVersion "1"]
[SourceVersionDate "2018.10.10"]
[SourceQuality "1"]
[WhiteTeam "Heiden"]
[BlackTeam "Borken"]
[WhiteTeamCountry "GER"]
[BlackTeamCountry "GER"]

1. e4 c5 2. Nf3 e6 3. d4 cxd4 4. Nxd4 d6 5. Nc3 Be7 6. Be3 Nf6 7. Be2 Bd7 8. Qd2 a6 9. f4 Nc6 10. Bf3 0-0 11. 0-0-0 Qb8 12. g4 Rd8 13. g5 Ne8 14. h4 Nxd4 15. Bxd4 Bc6 16. h5 b5 17. Qg2 b4 18. Ne2 Qb5 19. g6 e5 20. Be3 Rac8 21. h6 fxg6 22. Kb1 Nf6 23. f5 Be8 24. Ng3 1/2-1/2

[Event "Muensterland Verbandsliga 1718"]
[Site "Germany"]
[Date "2018.02.10"]
[Round "6.5"]
[White "Preuss, Richard"]
[Black "Farwick, Christian"]
[Result "1/2-1/2"]
[WhiteElo "1747"]
[BlackElo "1844"]
[PlyCount "57"]
[EventDate "2017.09.09"]
[EventType "team-tourn"]
[EventRounds "9"]
[EventCountry "GER"]
[SourceTitle "EXT 2019"]
[Source "ChessBase"]
[SourceDate "2018.10.10"]
[SourceVersion "1"]
[SourceVersionDate "2018.10.10"]
[SourceQuality "1"]
[WhiteTeam "Olfen"]
[BlackTeam "Borken"]
[WhiteTeamCountry "GER"]
[BlackTeamCountry "GER"]

1. e4 c5 2. Nf3 e6 3. d4 cxd4 4. Nxd4 d6 5. Be3 Be7 6. Bb5+ Bd7 7. Bxd7+ Qxd7 8. c4 Nf6 9. Nc3 Nc6 10. 0-0 0-0 11. f3 Nxd4 12. Bxd4 Rfd8 13. Qe2 Qc6 14. Rfd1 Rd7 15. Rac1 b6 16. Bf2 Rad8 17. b3 Ne8 18. Nb5 Qb7 19. Kf1 Nc7 20. Nc3 Bf6 21. Bg3 Bxc3 22. Rxc3 e5 23. Rcd3 Ne8 24. Qd2 f6 25. Bf2 Kf7 26. Qb4 Qc6 27. a4 Nc7 28. Ke2 Ne6 29. g3 1/2-1/2

[Event "Muensterland Verbandsliga 1617"]
[Site "Germany"]
[Date "2017.02.25"]
[Round "7.4"]
[White "Schoepper, Oliver"]
[Black "Farwick, Christian"]
[Result "1-0"]
[WhiteElo "1818"]
[BlackElo "1804"]
[PlyCount "73"]
[EventDate "2016.09.10"]
[EventType "team"]
[EventRounds "9"]
[EventCountry "GER"]
[SourceTitle "EXT 2018"]
[Source "ChessBase"]
[SourceDate "2017.10.13"]
[SourceVersion "1"]
[SourceVersionDate "2017.10.13"]
[SourceQuality "1"]
[WhiteTeam "Muenster SK IV"]
[BlackTeam "Borken"]
[WhiteTeamCountry "GER"]
[BlackTeamCountry "GER"]

1. d4 Nf6 2. c4 e6 3. g3 d5 4. Bg2 Be7 5. Nf3 0-0 6. 0-0 c6 7. Qc2 Nbd7 8. Nbd2 Qc7 9. e4 dxe4 10. Nxe4 Nxe4 11. Qxe4 Nf6 12. Qc2 c5 13. Bf4 Qb6 14. Rad1 Rd8 15. Be3 Bd7 16. Ne5 Rac8 17. dxc5 Bxc5 18. Bg5 Bd4 19. Nd3 Bc6 20. c5 Bxg2 21. Kxg2 Qc6+ 22. Kg1 Qf3 23. Bxf6 Qxf6 24. b4 Rd5 25. Nf4 Rf5 26. Qe4 Rd8 27. Rd3 Re5 28. Qxb7 Rf5 29. Rfd1 Bxf2+ 30. Kxf2 Re8 31. Kg1 e5 32. Nd5 Qg5 33. Ne7+ Kf8 34. Nxf5 Qxf5 35. Rd8 Qg5 36. Rxe8+ Kxe8 37. Qd7+ 1-0

[Event "Muensterland Verbandsliga 1617"]
[Site "Germany"]
[Date "2016.10.01"]
[Round "2.3"]
[White "Harbers, Gerard"]
[Black "Farwick, Christian"]
[Result "1/2-1/2"]
[WhiteElo "1883"]
[BlackElo "1804"]
[PlyCount "105"]
[EventDate "2016.09.10"]
[EventType "team"]
[EventRounds "9"]
[EventCountry "GER"]
[SourceTitle "EXT 2018"]
[Source "ChessBase"]
[SourceDate "2017.10.13"]
[SourceVersion "1"]
[SourceVersionDate "2017.10.13"]
[SourceQuality "1"]
[WhiteTeam "Suedlohn II"]
[BlackTeam "Borken"]
[WhiteTeamCountry "GER"]
[BlackTeamCountry "GER"]

1. e4 c5 2. Nf3 d6 3. d4 cxd4 4. Nxd4 e6 5. Nc3 Be7 6. Be2 Nf6 7. 0-0 0-0 8. Be3 Bd7 9. f4 Nc6 10. Qd2 a6 11. Nb3 b5 12. a3 Qc7 13. Bf3 Rac8 14. Rad1 Qb8 15. Ne2 Rfd8 16. Ned4 Nxd4 17. Bxd4 e5 18. Bc3 Bc6 19. Qe3 Nd7 20. Bg4 f6 21. Be6+ Kh8 22. Kh1 Qb7 23. Na5 Qc7 24. Nxc6 Qxc6 25. Ba5 Nf8 26. Bxd8 Rxd8 27. Bb3 exf4 28. Qxf4 Ng6 29. Qf5 Ne5 30. Qe6 Qd7 31. Qxd7 Rxd7 32. h3 g6 33. Rd5 Kg7 34. a4 bxa4 35. Bxa4 Rb7 36. Bb3 Rb6 37. Ra1 Nd7 38. Ra2 Nc5 39. Rd4 Bd8 40. Bd5 a5 41. b3 Rb8 42. Ra1 f5 43. Re1 Bf6 44. Rdd1 f4 45. Kg1 h5 46. Ra1 Bxa1 47. Rxa1 Re8 48. Rxa5 Nxe4 49. Ra6 Nc3 50. Rxd6 Re2 51. Bf3 Rxc2 52. Rd4 Rb2 53. Rxf4 1/2-1/2

[Event "Muensterland Verbandsliga 1617"]
[Site "Germany"]
[Date "2016.09.10"]
[Round "1.4"]
[White "Cigelski, Rudolf"]
[Black "Farwick, Christian"]
[Result "0-1"]
[WhiteElo "1822"]
[BlackElo "1804"]
[PlyCount "94"]
[EventDate "2016.09.10"]
[EventType "team"]
[EventRounds "9"]
[EventCountry "GER"]
[SourceTitle "EXT 2018"]
[Source "ChessBase"]
[SourceDate "2017.10.13"]
[SourceVersion "1"]
[SourceVersionDate "2017.10.13"]
[SourceQuality "1"]
[WhiteTeam "Beelen"]
[BlackTeam "Borken"]
[WhiteTeamCountry "GER"]
[BlackTeamCountry "GER"]

1. e4 c5 2. Nf3 d6 3. d3 Nc6 4. g3 e5 5. Bg2 Be7 6. 0-0 f5 7. exf5 Bxf5 8. c3 Nf6 9. Nh4 Bd7 10. f4 exf4 11. Bxf4 0-0 12. Nd2 Bg4 13. Qb3+ d5 14. Rae1 Qd7 15. Rf2 Rad8 16. Nf1 Kh8 17. h3 Bh5 18. Ne3 Bf7 19. Nef5 Rfe8 20. g4 c4 21. Qd1 cxd3 22. Nxe7 Rxe7 23. Rxe7 Qxe7 24. Nf5 Qe6 25. Qxd3 d4 26. Bg5 dxc3 27. Qxc3 Rd1+ 28. Bf1 Qe5 29. Qf3 Qd5 30. Nxg7 Qxg5 31. Qxd1 Kxg7 32. Bg2 Bg6 33. Qd6 Qc1+ 34. Kh2 Qg5 35. Qc7+ Kh6 36. Qxb7 Ne5 37. Bf3 Qe3 38. Kg2 Ne4 39. g5+ Qxg5+ 40. Kf1 Nxf2 41. Kxf2 Qf4 42. Qd5 Qxf3+ 43. Qxf3 Nxf3 44. Kxf3 Bf5 45. h4 Kh5 46. Kg3 Be6 47. a3 Bb3 0-1

[Event "Muensterland Verbandsliga 1516"]
[Site "Germany"]
[Date "2016.04.23"]
[Round "8.3"]
[White "Hedwig, Johannes"]
[Black "Farwick, Christian"]
[Result "1/2-1/2"]
[WhiteElo "1809"]
[BlackElo "1822"]
[PlyCount "35"]
[EventDate "2015.09.12"]
[EventType "team"]
[EventRounds "9"]
[EventCountry "GER"]
[SourceTitle "EXT 2017"]
[Source "ChessBase"]
[SourceDate "2016.10.25"]
[SourceVersion "1"]
[SourceVersionDate "2016.10.25"]
[SourceQuality "1"]
[WhiteTeam "Emsdetten Rochade II"]
[BlackTeam "Borken"]
[WhiteTeamCountry "GER"]
[BlackTeamCountry "GER"]

1. e4 c5 2. Nf3 e6 3. c4 d6 4. d4 cxd4 5. Nxd4 Be7 6. Nc3 Nf6 7. Be2 0-0 8. 0-0 Bd7 9. Ndb5 Bxb5 10. cxb5 Nbd7 11. Be3 Nb6 12. Qb3 Nfd7 13. Rfd1 Qb8 14. a4 Nf6 15. Rd2 Rd8 16. Rad1 Nbd7 17. Bc4 Qc7 18. f3 1/2-1/2

[Event "Muensterland Verbandsliga 1516"]
[Site "Germany"]
[Date "2016.03.05"]
[Round "7.4"]
[White "Hunhoff, Sebastian"]
[Black "Farwick, Christian"]
[Result "1-0"]
[WhiteElo "1894"]
[BlackElo "1822"]
[PlyCount "57"]
[EventDate "2015.09.12"]
[EventType "team"]
[EventRounds "9"]
[EventCountry "GER"]
[SourceTitle "EXT 2017"]
[Source "ChessBase"]
[SourceDate "2016.10.25"]
[SourceVersion "1"]
[SourceVersionDate "2016.10.25"]
[SourceQuality "1"]
[WhiteTeam "Bocholt"]
[BlackTeam "Borken"]
[WhiteTeamCountry "GER"]
[BlackTeamCountry "GER"]

1. c4 e6 2. Nc3 c5 3. e4 d6 4. g3 Nc6 5. Bg2 Be7 6. Nge2 Nf6 7. 0-0 0-0 8. d3 Bd7 9. h3 a6 10. Be3 Qc7 11. f4 Rab8 12. g4 b5 13. Qd2 Rfd8 14. Ng3 Nd4 15. g5 Ne8 16. Rf2 Qa5 17. Raf1 f6 18. h4 b4 19. Nce2 Nxe2+ 20. Qxe2 Qxa2 21. f5 fxg5 22. hxg5 Kh8 23. Qh5 Nf6 24. gxf6 Bxf6 25. Bg5 Be5 26. Bxd8 Bxg3 27. Rf3 Rxd8 28. Rxg3 Qxb2 29. f6 1-0

[Event "Muensterland Verbandsklasse 1415"]
[Site "Germany"]
[Date "2014.11.15"]
[Round "3.4"]
[White "Mast, Holger"]
[Black "Farwick, Christian"]
[Result "1/2-1/2"]
[WhiteElo "1691"]
[BlackElo "1829"]
[PlyCount "87"]
[EventDate "2014.09.13"]
[EventType "team-tourn"]
[EventRounds "9"]
[EventCountry "GER"]
[SourceTitle "EXT 2016"]
[Source "ChessBase"]
[SourceDate "2015.10.08"]
[SourceVersion "1"]
[SourceVersionDate "2015.10.08"]
[SourceQuality "1"]
[WhiteTeam "Ahaus Wessum II"]
[BlackTeam "Borken"]
[WhiteTeamCountry "GER"]
[BlackTeamCountry "GER"]

1. e4 c5 2. Nf3 d6 3. Bc4 e6 4. Nc3 Nf6 5. d3 Nc6 6. 0-0 Be7 7. Re1 0-0 8. Bg5 a6 9. a4 Bd7 10. Qd2 Qc7 11. Qf4 Rfd8 12. Rad1 Nd4 13. Rd2 Bc6 14. Re3 b5 15. Bb3 b4 16. Ne2 e5 17. Qh4 Nxb3 18. cxb3 h6 19. Bxf6 Bxf6 20. Qh5 Qe7 21. Ng3 Bd7 22. Nf5 Bxf5 23. exf5 Bg5 24. Nxg5 Qxg5 25. Qxg5 hxg5 26. f3 Kf8 27. g4 Ke7 28. Kf2 Kd7 29. Ree2 Kc6 30. Ke1 Rh8 31. Kf1 Rh3 32. Rf2 Rah8 33. Rde2 Kd5 34. Ke1 R8h6 35. Kd2 g6 36. fxg6 Rxg6 37. Ke3 Rf6 38. Rc2 Rf4 39. Rc4 Rh8 40. Rc1 f5 41. gxf5 Rxf5 42. Rg1 Rh4 43. Rgg2 Rh5 44. Rg4 1/2-1/2

[Event "Muensterland Verbandsklasse 1415"]
[Site "Germany"]
[Date "2014.09.13"]
[Round "1.3"]
[White "Farwick, Christian"]
[Black "Holtmannspoetter, Thomas"]
[Result "1/2-1/2"]
[WhiteElo "1829"]
[BlackElo "1702"]
[PlyCount "54"]
[EventDate "2014.09.13"]
[EventType "team-tourn"]
[EventRounds "9"]
[EventCountry "GER"]
[SourceTitle "EXT 2016"]
[Source "ChessBase"]
[SourceDate "2015.10.08"]
[SourceVersion "1"]
[SourceVersionDate "2015.10.08"]
[SourceQuality "1"]
[WhiteTeam "Borken"]
[BlackTeam "Ochtrup"]
[WhiteTeamCountry "GER"]
[BlackTeamCountry "GER"]

1. Nf3 Nf6 2. d4 e6 3. Bf4 d5 4. e3 Be7 5. c3 0-0 6. Bd3 Nbd7 7. Nbd2 c5 8. h3 cxd4 9. exd4 Re8 10. 0-0 a6 11. Qc2 b6 12. Ne5 Bb7 13. Ndf3 Ne4 14. Nxd7 Qxd7 15. Ne5 Qd8 16. Rae1 Nf6 17. Bh2 Bf8 18. f4 g6 19. Re2 Bg7 20. Rf3 Ne4 21. Rfe3 Rc8 22. Qd1 b5 23. a3 Nd6 24. g4 Nc4 25. Nxc4 dxc4 26. Be4 Bxe4 27. Rxe4 Qd7 1/2-1/2

[Event "Muensterland Verbandsklasse-B 1213"]
[Site "Germany"]
[Date "2012.11.17"]
[Round "3.3"]
[White "Pooth, Richard"]
[Black "Farwick, Christian"]
[Result "0-1"]
[WhiteElo "1817"]
[BlackElo "1870"]
[PlyCount "110"]
[EventDate "2012.09.15"]
[EventType "team-tourn"]
[EventRounds "9"]
[EventCountry "GER"]
[SourceTitle "EXT 2015"]
[Source "ChessBase"]
[SourceDate "2014.11.20"]
[SourceVersion "1"]
[SourceVersionDate "2014.11.20"]
[SourceQuality "1"]
[WhiteTeam "Heiden II"]
[BlackTeam "Borken"]
[WhiteTeamCountry "GER"]
[BlackTeamCountry "GER"]

1. e4 c5 2. Nc3 e6 3. d3 Be7 4. g3 d6 5. Bg2 Nc6 6. Nge2 Bd7 7. 0-0 Nf6 8. f4 a6 9. b3 Qc7 10. Bb2 e5 11. h3 Nd4 12. Nd5 Nxd5 13. exd5 Nf5 14. Qd2 f6 15. c4 b5 16. Kh2 h5 17. Rae1 b4 18. Be4 g6 19. Ng1 0-0-0 20. Ne2 Rdg8 21. a3 bxa3 22. Bxa3 h4 23. g4 Ng3 24. Nxg3 hxg3+ 25. Kxg3 f5 26. Bf3 Bh4+ 27. Kg2 Bxe1 28. Qxe1 fxg4 29. hxg4 exf4 30. b4 g5 31. bxc5 dxc5 32. Qe7 Rh4 33. Bxc5 Bxg4 34. Qxc7+ Kxc7 35. d6+ Kd7 36. Kg1 Bxf3 37. Rxf3 Rgh8 38. Kf1 Rh1+ 39. Bg1 Kxd6 40. d4 R8h3 41. Rf2 Rb3 42. Kg2 Rhh3 43. Ra2 Rhg3+ 44. Kh2 Ra3 45. Rb2 g4 46. d5 Rh3+ 47. Kg2 f3+ 48. Kf1 g3 49. Rb6+ Kc7 50. d6+ Kd7 51. Rb1 Kxd6 52. c5+ Kc7 53. c6 Rh1 54. Rc1 Ra2 55. Rd1 Rf2+ 0-1

[Event "Muensterland Verbandsklasse-A 1112"]
[Site "Germany"]
[Date "2011.11.12"]
[Round "3.4"]
[White "Reinhold, Klaus"]
[Black "Farwick, Christian"]
[Result "1-0"]
[WhiteElo "1951"]
[BlackElo "1860"]
[PlyCount "140"]
[EventDate "2011.09.17"]
[EventType "team-tourn"]
[EventRounds "9"]
[EventCountry "GER"]
[SourceTitle "EXT 2013"]
[Source "ChessBase"]
[SourceDate "2012.11.22"]
[SourceVersion "1"]
[SourceVersionDate "2012.11.22"]
[SourceQuality "1"]
[WhiteTeam "Gronau"]
[BlackTeam "Borken"]
[WhiteTeamCountry "GER"]
[BlackTeamCountry "GER"]

1. d4 Nf6 2. c4 e6 3. g3 d5 4. Nf3 Be7 5. Bg2 0-0 6. 0-0 Nbd7 7. Qc2 c6 8. Nbd2 Re8 9. b3 Qc7 10. Bb2 h6 11. e4 dxe4 12. Nxe4 Nxe4 13. Qxe4 Nf6 14. Qc2 Bd7 15. Ne5 Rac8 16. Rad1 Red8 17. f4 Be8 18. f5 exf5 19. Qxf5 Bd7 20. Nxd7 Rxd7 21. Kh1 g6 22. Qf3 Rf8 23. d5 Nh7 24. dxc6 Rxd1 25. Rxd1 bxc6 26. Qxc6 Qxc6 27. Bxc6 Rc8 28. Rd7 Bf6 29. Bxf6 Nxf6 30. Rd6 Kg7 31. Kg1 Rc7 32. h3 h5 33. Kf2 g5 34. b4 Ng8 35. b5 Ne7 36. Rd7 Rxd7 37. Bxd7 Kf6 38. c5 Nd5 39. Bc6 Nb4 40. Be4 Ke5 41. a3 Na2 42. b6 axb6 43. cxb6 Kd6 44. g4 h4 45. Ke3 Nc3 46. Kd3 Nd1 47. Bg2 f6 48. a4 Nb2+ 49. Ke4 Nxa4 50. Kf5 Nxb6 51. Kxf6 Nd7+ 52. Kxg5 Ke7 53. Kxh4 Kf8 54. Kg5 Kg7 55. Kf5 Nf8 56. Bd5 Ng6 57. Kg5 Ne7 58. Be4 Ng8 59. Kf4 Nf6 60. g5 Ng8 61. h4 Ne7 62. Ke5 Kf7 63. h5 Kg7 64. Bd5 Kh7 65. Bf7 Kg7 66. Ke6 Nc6 67. h6+ Kh8 68. g6 Ne7 69. g7+ Kh7 70. Kxe7 Kxh6 1-0

[Event "Muensterland Verbandsklasse-B 1011"]
[Site "Germany"]
[Date "2010.12.11"]
[Round "4.4"]
[White "Kemper, Andreas"]
[Black "Farwick, Christian"]
[Result "1/2-1/2"]
[WhiteElo "1828"]
[BlackElo "1833"]
[PlyCount "68"]
[EventDate "2010.09.18"]
[EventType "team-tourn"]
[EventRounds "9"]
[EventCountry "GER"]
[SourceTitle "EXT 2012"]
[Source "ChessBase"]
[SourceDate "2011.11.24"]
[SourceVersion "1"]
[SourceVersionDate "2011.11.24"]
[SourceQuality "1"]
[WhiteTeam "Ahaus Wessum"]
[BlackTeam "Borken"]
[WhiteTeamCountry "GER"]
[BlackTeamCountry "GER"]

1. e4 c5 2. Nc3 d6 3. g3 Nc6 4. Bg2 e6 5. d3 Be7 6. Nge2 Bd7 7. 0-0 Nf6 8. h3 a6 9. Be3 Qc7 10. a3 b5 11. f4 Rc8 12. g4 h6 13. f5 b4 14. Nb1 a5 15. Nd2 Ne5 16. Nc4 Nxc4 17. dxc4 e5 18. Ng3 Bc6 19. axb4 axb4 20. Qe2 Qb7 21. Bd2 Kd7 22. Qd3 Ra8 23. Be3 Kc7 24. g5 hxg5 25. Bxg5 Rxa1 26. Rxa1 Ra8 27. Rxa8 Qxa8 28. b3 Qa1+ 29. Nf1 Qe1 30. Qe3 Qd1 31. Qd2 Qa1 32. Qd3 Kd7 33. Be3 Ke8 34. Kf2 Qa8 1/2-1/2

[Event "Muensterland Verbandsklasse-A 0910"]
[Site "Germany"]
[Date "2010.02.20"]
[Round "7.4"]
[White "Farwick, Christian"]
[Black "Langendijk, Andre"]
[Result "0-1"]
[WhiteElo "1855"]
[BlackElo "1911"]
[PlyCount "132"]
[EventDate "2009.09.19"]
[EventType "team-tourn"]
[EventRounds "9"]
[EventCountry "GER"]
[SourceTitle "EXT 2011"]
[Source "ChessBase"]
[SourceDate "2010.11.26"]
[SourceVersion "1"]
[SourceVersionDate "2010.11.26"]
[SourceQuality "1"]
[WhiteTeam "Borken"]
[BlackTeam "Gronau"]
[WhiteTeamCountry "GER"]
[BlackTeamCountry "GER"]

1. Nf3 c5 2. c3 d5 3. d4 Nc6 4. e3 Bf5 5. Bd3 Bxd3 6. Qxd3 e6 7. Nbd2 Nf6 8. b3 Be7 9. Bb2 0-0 10. 0-0 Qa5 11. dxc5 Qxc5 12. c4 Rfd8 13. Rac1 Nb4 14. Qb1 dxc4 15. Nxc4 Qf5 16. Qxf5 exf5 17. Bd4 Ne4 18. a4 g5 19. Rfd1 Rd5 20. Nb2 Nc6 21. Kf1 Rad8 22. Rc4 Na5 23. Rc7 Bd6 24. Rc2 b6 25. Ke2 Nxb3 26. Bxb6 Rxd1 27. Bxd8 Rc1 28. Rxc1 Nxc1+ 29. Kf1 f6 30. g3 Kf7 31. Ba5 Nb3 32. Be1 Ke6 33. Ke2 Kd5 34. Kd3 Be5 35. Kc2 Nbc5 36. a5 Bxb2 37. Kxb2 Nd3+ 38. Kc2 Nxe1+ 39. Nxe1 Nxf2 40. h4 Ne4 41. Nf3 h6 42. hxg5 fxg5 43. Nd4 Nd6 44. Kd3 a6 45. Nc2 Kc5 46. Nd4 Kb4 47. Nc6+ Kb5 48. Ne7 Kxa5 49. Kd4 Kb6 50. Nd5+ Kc6 51. Ke5 a5 52. Ne7+ Kc5 53. Nd5 a4 54. Nc3 a3 55. Na2 h5 56. Nc1 h4 57. gxh4 gxh4 58. Kf4 Kd5 59. Kf3 Kc4 60. Kg2 Kc3 61. Na2+ Kb3 62. Nc1+ Kc2 63. Na2 Nc4 64. Kh3 Nxe3 65. Kxh4 Nd5 66. Kg5 Kb2 0-1